La gauche américaine / (Registro nro. 105464)

Detalles MARC
000 -LEADER
campo de control de longitud fija 00877nam a2200253 i 4500
001 - NÚMERO DE CONTROL
campo de control 105464
003 - IDENTIFICADOR DE NÚMERO DE CONTROL
campo de control ES-MaACL
005 - FECHA Y HORA DE LA ÚLTIMA TRANSACCIÓN
campo de control 20251013213012.0
007 - CAMPO FIJO DE DESCRIPCIÓN FÍSICA--INFORMACIÓN GENERAL
campo de control de longitud fija t|
008 - DATOS DE LONGITUD FIJA--INFORMACIÓN GENERAL
campo de control de longitud fija 060718s1971 fr ||||1| fre d
080 ## - NÚMERO DE LA CLASIFICACIÓN DECIMAL UNIVERSAL
Número de la Clasificación Decimal Universal 329.055.4(73)"19"
100 1# - ENTRADA PRINCIPAL--NOMBRE DE PERSONA
Nombre de persona Galbraith, John Kenneth.
9 (RLIN) 53345
245 13 - MENCIÓN DEL TÍTULO
Título La gauche américaine /
Mención de responsabilidad, etc. préface de Jean-Jacques Servan-Schreiber ; traduit de l'américain par Jean-Gérard Chauffeteau.
260 ## - PUBLICACIÓN, DISTRIBUCIÓN, ETC.
Lugar de publicación, distribución, etc. Paris :
Nombre del editor, distribuidor, etc. Fayard,
Fecha de publicación, distribución, etc. [1971]
300 ## - DESCRIPCIÓN FÍSICA
Extensión 103 p. ;
Dimensiones 22 cm.
490 1# - MENCIÓN DE SERIE
Mención de serie En toute liberté
500 ## - NOTA GENERAL
Nota general Biblioteca Juan Andrade.
650 14 - PUNTO DE ACCESO ADICIONAL DE MATERIA--TÉRMINO DE MATERIA
Término de materia o nombre geográfico como elemento de entrada Izquierda (Política)-
Subdivisión geográfica Estados Unidos-
Subdivisión cronológica S.XX.
9 (RLIN) 13927
700 1# - ENTRADA AGREGADA--NOMBRE PERSONAL
Nombre de persona Servan-Schreiber, Jean-Jacques,
Fechas asociadas al nombre 1924-2006
9 (RLIN) 105855
700 1# - ENTRADA AGREGADA--NOMBRE PERSONAL
Nombre de persona Chauffeteau, Jean-Gérard.
9 (RLIN) 38202
830 0# - PUNTO DE ACCESO ADICIONAL DE SERIE-TÍTULO UNIFORME
Título uniforme En toute liberté
9 (RLIN) 232730
852 ## - LOCALIZACIÓN
Ubicación ES-MaACL
Número de control de estantería AND-275
Sublocalización o colección R.109592
Existencias
Estatus retirado Estado de pérdida Estado de daño No para préstamo Biblioteca de origen Biblioteca actual Ubicación en estantería Fecha de adquisición Fuente de adquisición Total de préstamos Signatura topográfica completa Código de barras Visto por última vez Precio de reemplazo Tipo de ítem Koha
        Biblioteca del Ateneo de Madrid Biblioteca del Ateneo de Madrid Depósito 2 17/01/2008     AND-275 1110110 23/02/2023 23/02/2023 Libro impreso